000 00229nam a22000977a 4500
008 140109t xxu||||| |||| 00| 0 eng d
100 _aMuhammad ibn `Isa at-Tirmidhi
_9608
245 _aJamia Tarmizi
300 _a500
942 _2ddc
_cBK
999 _c16871
_d16871